Statistics for Countries of the World by Bordering Pairs

Click here to take the quiz!

General Stats

  • This quiz has been taken 63 times
  • The average score is 136 of 156

Answer Stats

COUNTRY % Correct
Canada
98%
France
98%
United States
98%
India
98%
China
98%
Finland
96%
Uruguay
96%
Argentina
96%
Germany
96%
Sweden
96%
Spain
96%
Mexico
96%
Serbia
96%
Russia
96%
Brazil
96%
Peru
96%
Colombia
94%
Israel
94%
Chile
94%
Jordan
94%
North Korea
94%
Netherlands
94%
Portugal
94%
Austria
94%
South Korea
94%
Belgium
94%
Norway
94%
Pakistan
93%
Italy
93%
Paraguay
93%
Mongolia
93%
Libya
93%
Iraq
93%
Iran
93%
Indonesia
93%
Egypt
93%
Guyana
93%
Switzerland
93%
Venezuela
93%
Afghanistan
93%
Lebanon
93%
Ecuador
93%
Andorra
93%
Bolivia
93%
Croatia
93%
Uzbekistan
91%
Estonia
91%
Vatican City
91%
Sudan
91%
Syria
91%
Malaysia
91%
Suriname
91%
Kenya
91%
Algeria
91%
Greece
91%
Kuwait
89%
Belize
89%
Saudi Arabia
89%
Poland
89%
Latvia
89%
Romania
89%
Belarus
89%
Lithuania
89%
Niger
89%
Nicaragua
89%
Montenegro
89%
South Africa
89%
Costa Rica
89%
Bangladesh
89%
Guatemala
89%
United Kingdom
89%
Ukraine
89%
Turkmenistan
89%
Turkey
89%
Denmark
89%
Ireland
89%
Tunisia
89%
Thailand
89%
Armenia
89%
Honduras
89%
Hungary
89%
Monaco
89%
San Marino
87%
Azerbaijan
87%
Panama
87%
Slovakia
87%
Oman
87%
Nigeria
87%
Uganda
87%
Slovenia
87%
Morocco
87%
Burma
87%
Nepal
87%
Kazakhstan
87%
Democratic Republic of the Congo
87%
Laos
87%
Kyrgyzstan
87%
Kosovo
87%
Albania
87%
Macedonia
87%
Cambodia
87%
Georgia
87%
Tanzania
85%
United Arab Emirates
85%
Haiti
85%
Czech Republic
85%
South Sudan
85%
Dominican Republic
85%
Ethiopia
85%
Senegal
85%
Yemen
85%
Moldova
85%
Bulgaria
85%
Mozambique
85%
East Timor
85%
Mali
85%
Qatar
83%
Luxembourg
83%
Eritrea
83%
Somalia
83%
Guinea
83%
Vietnam
83%
Liechtenstein
83%
Rwanda
83%
Lesotho
83%
Papua New Guinea
81%
Bosnia and Herzegovina
81%
Mauritania
81%
Tajikistan
81%
Republic of the Congo
81%
Namibia
81%
Brunei
81%
El Salvador
81%
Bhutan
80%
Swaziland
80%
Burundi
80%
Botswana
80%
Djibouti
80%
Angola
78%
Gambia
78%
Zambia
78%
Zimbabwe
78%
Chad
78%
Guinea-Bissau
78%
Togo
76%
Central African Republic
76%
Cameroon
76%
Liberia
76%
Burkina Faso
74%
Benin
74%
Gabon
72%
Ghana
72%
Equatorial Guinea
70%
Sierra Leone
70%
Malawi
70%
Côte d'Ivoire
69%

Score Distribution

Percentile by Number Answered

Percent of People with Each Score

Your Score History

You have not taken this quiz